| 000 | 00482nam a22001817a 4500 | ||
|---|---|---|---|
| 999 |
_c7311 _d7311 |
||
| 003 | OSt | ||
| 005 | 20190207125800.0 | ||
| 008 | 190207b ||||| |||| 00| 0 eng d | ||
| 020 | _a9781616386900 | ||
| 040 | _cDLC | ||
| 082 |
_a253 _bS787F |
||
| 100 | _aStanley, Brad | ||
| 245 |
_aFinding God In The City :Making Sense Of An Urban World / _cBy Brad Stanley. |
||
| 260 |
_aFlorida, USA : _bCreation House, _cc2011. |
||
| 300 | _a187 p.: | ||
| 630 | _aUrban World | ||
| 942 |
_2ddc _cBK |
||